00482nam a2200157Ia 4500020001800000082001900018245008500037260003100122300000900153500002100162650002200183650003100205650003600236650002800272700002400300 a0-89232-026-5 a306.42072 RES; 0aResearch in sociology of knowledge, sciences and art: an annual compilation of r aGreenwichbJai Pressc1978 a289p aContents: Vol.1. aSocialism and art aArt and science - Research aSociology - Research - Research aKnowledge, Sociology of aJones, Robert Alun